Chefs d'états par photo - Statistiques

Statistiques générales
  • Ce quiz a été pris 116 fois
  • Le résultat moyen est 12 sur 29
Statistiques - réponses
Par images Réponse % Correct
donald trump
100%
emmanuel macron
100%
vladimir poutine
100%
volodymyr zelensky
71%
giorgia meloni
67%
Xi jinping
66%
kim jung-un
63%
recep tayyip erdogan
55%
leon XIV
54%
benjamin netanyahu
50%
Javier milei
48%
Lula da silva
46%
nicolas maduro
43%
Viktor Orban
41%
narendra modi
37%
Keir Starmer
34%
Mohamed V
34%
pedro sanchez
29%
Alexandre Loukachenko
28%
mohammed ben salmane
28%
Ali Khamenei
26%
Abdelmadjid Tebboune
23%
Fattah al-Sissi
18%
friedrich merz
16%
claudia sheinbaum
12%
Edi rama
10%
Cyril Ramaphosa
7%
Mark Carney
7%
Shigeru Ishiba
4%
Aucun quiz correspondant
Distribution des résultats
% des personnes avec chaque résultat
Percentile par nombre de réponses
Votre historique - résultats
Vous n’avez pas pris ce quiz